Get the Picture: The Office (US) or Friends Quiz Stats

 Plays Quiz Updated Mar 6, 2019

Score 0/16 Timer 02:00
5 Plays Today
Question Answer Wrong Answers
Phoebe Buffay Friends
97.5%
The Office
1%
Chandler Bing Friends
97.4%
The Office
1.2%
Dwight Schrute The Office
96.9%
Friends
1.7%
Stanley Hudson The Office
96%
Friends
2.4%
Toby Flenderson The Office
95.3%
Friends
3.1%
Judy Geller Friends
95%
The Office
3.5%
Meredith Palmer The Office
94.2%
Friends
4.4%
Bob Vance The Office
93.3%
Friends
5.2%
Erin Hannon The Office
93.2%
Friends
5.2%
Karen Filippelli The Office
89.9%
Friends
8.5%
Richard Burke Friends
88.7%
The Office
9.6%
Emily Waltham Friends
88.7%
The Office
9.8%
Janice Litman Goralnik Friends
88.2%
The Office
10.3%
Jo Bennett The Office
87.3%
Friends
11.1%
Mike Hannigan Friends
81.5%
The Office
17%
Carol Willick Friends
72.1%
The Office
26.5%

Today's Daily Dose

Missing Word
Movies of 1964

Get the Picture
Rock Bands

You're not logged in!

Compare scores with friends on all Sporcle quizzes.
OR
Log In

You Might Also Like...

Show Comments

Extras

Top Quizzes Today


Score Distribution

Your Account Isn't Verified!

In order to create a playlist on Sporcle, you need to verify the email address you used during registration. Go to your Sporcle Settings to finish the process.

Report this User

Report this user for behavior that violates our Community Guidelines.

Details: